| 000 | 01200nam a22001937a 4500 | ||
|---|---|---|---|
| 003 | JO-AjAnu | ||
| 005 | 20240706092448.0 | ||
| 008 | 240706b jo ||||| |||| 00| 0 ara d | ||
| 040 |
_aJO-AjAnu _cJO-AjAnu |
||
| 041 | _aARA | ||
| 100 | 1 |
_aاحمد،فريال ضيف الله السيد _965993 |
|
| 245 | 0 | 0 |
_aانماط التنشئة الاسرية وعلاقتها بالدافعية للانجاز الاكاديمي لدى صعوبات التعلم في محافظة اربد = Patterns of Family Upbringing and their Relationship to Motivation for Academic Achievement amomg students with Learnyng Disabilities in irbid Governorate / _cاعداد فريال ضيف الله السيد احمد ؛ إشراف فيصل عيسى النواصرة |
| 260 | _c2024 | ||
| 300 | _a109 ورقة | ||
| 500 | _a رسالة جامعية (ماجستير) .- جامعة عجلون الوطنية (عجلون، الأردن)، كلية العلوم التربوية ، تخصص التربية الخاصة ،2024 | ||
| 650 | 7 | 0 |
_aالتنشئية الاسرية - ذوي صعوبات التعلم _965995 |
| 700 | 1 |
_aالنواصرة، فيصل عيسى. _eمشرف _965078 |
|
| 942 |
_2lcc _cTHS _n0 |
||
| 999 |
_c33553 _d33553 |
||